Výpočtová mechanika 2003. Computational Mechanics 2003 : 2 diely

Enregistré dans:
Détails bibliographiques
Collectivité auteur: 19. konference s mezinárodní účastí = 19th Conference with International Participation Nečtiny, Czech Republic
Format: Actes de congrès Livre
Langue:tchèque
slovaque
anglais
Publié: Plzeň : Západočeská univerzita v Plzni, 2003
Sujets:
Tags: Ajouter un tag
Pas de tags, Soyez le premier à ajouter un tag!

MARC

LEADER 00000nam a22000003a 4500
001 stu82578
005 20150408175326.4
008 031124s2003----xr------------------cze-d
020 |a 80-7082-999-0 
040 |a STU  |b slo 
041 0 |a cze  |a slo  |a eng 
044 |a xr 
080 |a 531/534(063) 
111 2 |a 19. konference s mezinárodní účastí = 19th Conference with International Participation  |d (November 3-5, 2003 :  |c Nečtiny, Czech Republic) 
245 |a Výpočtová mechanika 2003. Computational Mechanics 2003 :  |b 2 diely 
260 |a Plzeň :  |b Západočeská univerzita v Plzni,  |c 2003 
300 |a 562 s 
650 7 |a mechanika  |2 stusub 
650 7 |a dynamika mechanických systémov  |2 stusub 
650 7 |a biomechanika  |2 stusub 
650 7 |a mechanika tekutín  |2 stusub 
650 7 |a spoľahlivosť konštrukcií  |2 stusub 
650 7 |a životnosť konštrukcií  |2 stusub 
996 |b 284M058007  |c M*Z-2306  |l MMKN  |s A  |a 24  |w stu82578_0001 
996 |b 284M058008  |c M*Z-2307  |l MMKN  |s A  |a 24  |w stu82578_0002